Score 0/33 Timer 03:00
3 Plays Today
Hint Answer % Correct
FelineCAT
96.1%
☻Morning moisture☻DEW
95.9%
Female sibling to bro.SIS
94.9%
Take a seatSIT
94.7%
Game, ___, matchSET
94.7%
Dispose: get ___ ofRID
94.2%
Rapper Dr. ___ (Andre Young)DRE
94.2%
Fish-catching meshNET
94.1%
Feminine pronounSHE
93%
Golf ball holderTEE
91.9%
Collapsible bedCOT
91.1%
PerceiveSEE
91%
☻Negative adverb☻NOT
90.7%
Dove soundCOO
90.5%
☻Before 'wop' in '50's songs☻DOO
90.3%
ImmediatelyNOW
89.6%
Dash counterpart in MorseDOT
89.4%
Hint Answer % Correct
☻Mining product☻ORE
89.3%
☻Definite article☻THE
89.2%
☻Attempt☻TRY
88.9%
Pull another vehicle by ropeTOW
88.6%
Gidget star SandraDEE
87.5%
PlaythingTOY
87.3%
1968 Vietnamese offensiveTET
86.6%
Type of cereal grainOAT
86.1%
☻Twig or branch (in Chaucer)☻RIS
80.6%
Scrap of foodORT
77.3%
Chick-___-AFIL
76.6%
EnemyFOE
76%
AssistAID
74%
☻Rapper Duane Bridgeford☻NOE
68.4%
Archaic expression of disgustFIE
62.6%
Cause pain or afflictionAIL
62.1%

Today's Daily Dose

You're not logged in!

Compare scores with friends on all Sporcle quizzes.
OR
Log In

Sporcle TV

Today on Sporcle TV


Watch our educational content, quiz creation guides, and fun videos on Sporcle TV.

Show Comments

Extras

Top Quizzes Today


Score Distribution

Paid Content

Your Account Isn't Verified!

In order to create a playlist on Sporcle, you need to verify the email address you used during registration. Go to your Sporcle Settings to finish the process.

Report this User

Report this user for behavior that violates our Community Guidelines.

Details: